LEADER 02038nam0 22003253i 450 001 VAN0246197 005 20221202091740.842 010 $a978-88-7466-459-7 100 $a20220520d2006 |0itac50 ba 101 $aita 102 $aIT 105 $a|||| ||||| 200 1 $aˆI ‰test nella pratica clinica$euso e interpretazione$fLaura Picone, Francesca Ribaudo, Lina Pezzuti 210 $aRoma$cCarocci Faber$d2006 215 $a263 p.$cill.$d22 cm 330 $aUtile per la preparazione di esami sui test, per l'esame di stato e per l'aggiornamento di psicologi che già operano sul campo, il volume mira a far conoscere ai lettori l'origine, la struttura e soprattutto gli ambiti applicativi dei più importanti test psicologici utilizzati nel nostro Paese. Ogni strumento è presentato nel dettaglio, sia dal punto di vista metrico che dal punto di vista pratico (modalità di somministrazione, scoring, interpretazione dei punteggi ecc.). Il volume presenta casi clinici per ciascun test, sia di soggetti nella norma, sia di soggetti con specifiche difficoltà cognitive e comportamentali. 410 1$1001VAN0065292$12001 $aProfessione psicologo$1210 $aRoma$cCarocci.$v13 620 $dRoma$3VANL000360 700 1$aPicone$bLaura$3VANV016121$4070$0557535 701 1$aPezzuti$bLina$3VANV037005$4070$0258387 701 1$aRibaudo$bFrancesco$3VANV201326$4070$0353905 712 $aCarocci$3VANV107923$4650 801 $aIT$bSOL$c20221209$gRICA 856 4 $u/sebina/repository/catalogazione/documenti/138.pdf$z138.pdf 856 4 $u/sebina/repository/catalogazione/documenti/I test nella pratica clinica uso e interpretazione.pdf$zI test nella pratica clinica uso e interpretazione.pdf 899 $aBIBLIOTECA DEL DIPARTIMENTO DI PSICOLOGIA$1IT-CE0119$2VAN16 912 $aVAN0246197 950 $aBIBLIOTECA DEL DIPARTIMENTO DI PSICOLOGIA$d16CONS 4152 $e16NV 138 20220520 $sBuono 996 $aTest nella pratica clinica$92967244 997 $aUNISOB LEADER 01605oam 2200529Ia 450 001 9910698261303321 005 20171108092128.0 035 $a(CKB)25433876200041 035 $a(OCoLC)53422312 035 $a(EXLCZ)9925433876200041 100 $a20031113d1999 ua 0 101 0 $aeng 135 $aur||||||||||| 181 $ctxt$2rdacontent 182 $cc$2rdamedia 183 $acr$2rdacarrier 200 14$aThe Air Expeditionary Force $ea strategy for an uncertain future? /$fMichael J. Nowak 210 1$aMaxwell Air Force Base, Ala. :$cAir War College, Air University,$d[1999] 225 1 $aAir War College, Maxwell paper ;$vno. 19 300 $aTitle from title screen (viewed Nov. 13, 2003). 300 $a"August 1999." 320 $aIncludes bibliographical references. 517 3 $aStrategy for an uncertain future? 606 $aDeployment (Strategy) 606 $aArmed Forces$xMobilization$2fast 606 $aArmed Forces$xOperations other than war$2fast 606 $aDeployment (Strategy)$2fast 615 0$aDeployment (Strategy) 615 7$aArmed Forces$xMobilization. 615 7$aArmed Forces$xOperations other than war. 615 7$aDeployment (Strategy) 700 $aNowak$b Michael J$01396144 801 0$bGPO 801 1$bGPO 801 2$bOCLCQ 801 2$bGPO 801 2$bSYB 801 2$bOCLCQ 801 2$bOCLCA 801 2$bOCLCF 801 2$bOCLCO 801 2$bOCLCQ 801 2$bGPO 906 $aBOOK 912 $a9910698261303321 996 $aThe Air Expeditionary Force$93455746 997 $aUNINA